Estatísticas para Cultura Geral

Clique aqui para jogar o quiz

Estatísticas Gerais

  • Esse quiz foi jogado 16 vezes
  • A pontuação média é 8 de 15

Estatísticas das Respostas

HintResposta% Correto
Que continente representa o anel vermelho da bandeira dos jogos olímpicos?América
92%
Que continente representa o anel amarelo da bandeira dos jogos olímpicos?Ásia
92%
Que continente representa o anel verde da bandeira dos jogos olímpicos?Europa
92%
Que continente representa o anel preto da bandeira dos jogos olímpicos?África
83%
Que continente representa o anel azul da bandeira dos jogos olímpicos?Oceania
75%
Que mar fica entre a Itália e a Croácia?Adriático
67%
Em que país fica a sede da empresa Nissan?Japão
67%
Por quantos fusos horários é atravessada a Ásia?11
58%
Qual banda é liderada pelo cantor Axl Rose?Guns N' Roses
58%
O que um entomologista estuda?Insetos
25%
Como se chama a típica carne assada da Turquia?Kebab
25%
Que cidade do Tennesse é considerada a capital da música country americana?Nashville
25%
Em que península fica a maior parte da Turquia?Anatólia
17%
Que cor os soldados rebeldes usavam na Guerra Civil?Cinzento
0%
Qual é o prato típico de Macau?Minchi
0%

Distribuição das Pontuações

Percentil de Números Respondidos

Porcentagem de Pessoas com Cada Pontuação

Sua Pontuação Histórica

Você não jogou esse quiz